Central Library OPAC University of Rajshahi

The law and practice of arms and explosives in India : (Record no. 46042)

MARC details
000 -LEADER
fixed length control field 00941nam a2200253 a 4500
001 - CONTROL NUMBER
control field 46042
003 - CONTROL NUMBER IDENTIFIER
rucl marc code BD-RjUL
005 - DATE AND TIME OF LATEST TRANSACTION
control field 20211209054112.0
008 - FIXED-LENGTH DATA ELEMENTS--GENERAL INFORMATION
fixed length control field 160730s1964 pk 001 0 eng
035 ## - SYSTEM CONTROL NUMBER
System control number (BD-RjUL)46160
040 ## - CATALOGING SOURCE
Original cataloging agency DLC
Transcribing agency CarP
Modifying agency BD-RjUL
Language of cataloging eng
041 ## - LANGUAGE CODE
Language code of text/sound track or separate title eng
082 04 - DEWEY DECIMAL CLASSIFICATION NUMBER
Classification number 344.540533
Author mark and year AIL 1964
100 1# - MAIN ENTRY--PERSONAL NAME
Personal name Aiyer
9 (RLIN) 45593
245 14 - TITLE STATEMENT
Title The law and practice of arms and explosives in India :
Remainder of title being an exhaustive commentaries on the Indian arms act, 1959, Indian explosives act, and Indian explosive substance act with rules, notification and allied matter /
Statement of responsibility, etc. Aiyer ,Revised by B. N. Dutt
250 ## - EDITION STATEMENT
Edition statement 5th ed.
260 ## - PUBLICATION, DISTRIBUTION, ETC. (IMPRINT)
Place of publication, distribution, etc. Allahabad :
Name of publisher, distributor, etc. Law Book Co.,
Date of publication, distribution, etc. 1964
300 ## - PHYSICAL DESCRIPTION
Pagination xxxvii, 560 p. ;
Size 25 cm.
504 ## - BIBLIOGRAPHY, ETC. NOTE
Bibliography, etc Include index.
650 #0 - SUBJECT ADDED ENTRY--TOPICAL TERM
Topical term or geographic name as entry element Firearms
General subdivision Law and legislation
Geographic subdivision India.
9 (RLIN) 45594
Topical term or geographic name as entry element Explosives
General subdivision Law and legislation
Geographic subdivision India.
9 (RLIN) 45595
700 ## - ADDED ENTRY--PERSONAL NAME
Personal name Dutt, by B. N. Revised
942 ## - ADDED ENTRY ELEMENTS (KOHA)
Source of classification or shelving scheme Dewey Decimal Classification
Koha item type Books
Holdings
Lost status Source of classification or shelving scheme Damaged status Not for loan Collection code Permanent Location Current Location Shelving location Date acquired Source of acquisition Cost, normal purchase price Total Checkouts Full call number Date last seen Copy number Koha item type
  Dewey Decimal Classification     Non-fiction Central Library, University of Rajshahi Central Library, University of Rajshahi   01/06/1964 Pak. law house 17.50   344.540533 AIL 1964 30/07/2016 C-2 Books